[Event "42nd Olympiad 2016"]
[Site "Baku AZE"]
[Date "2016.09.08"]
[Round "6.65"]
[Board "3"]
[White "Abdullah, Mohd Kamal"]
[Black "Ho, Hou-Meng, Herman"]
[Result "1-0"]
[WhiteElo "2100"]
[BlackElo "1908"]
[WhiteTeam "Malaysia"]
[BlackTeam "Macau"]
[WhiteFideId "5700086"]
[BlackFideId "16300190"]
[EventDate "2016.09.02"]

1. e4 e6 2. d4 d5 3. Nc3 Bb4 4. exd5 exd5 5. Bd3 Ne7 6. Ne2 Nbc6 7. O-O Bg4 8.
f3 Bh5 9. Nf4 Bg6 10. Nce2 a6 11. c3 Bd6 12. Re1 Qd7 13. b4 O-O 14. Ng3 Nf5 15.
Nxf5 Bxf5 16. Bxf5 Qxf5 17. Qd3 Qg5 18. Nh3 Qg6 19. Qxg6 fxg6 20. Bd2 a5 21. b5
Na7 22. a4 Nc8 23. Ng5 Nb6 24. Ne6 Rfe8 25. g3 h6 26. Bf4 Bxf4 27. Nxf4 Kf7 28.
Nd3 Rxe1+ 29. Nxe1 Re8 30. Kf2 Nc4 31. Nd3 Kf6 32. Re1 Rxe1 33. Kxe1 g5 34. Nc5
Nb2 35. Nxb7 Nxa4 36. Kd2 Nb6 37. Nxa5 Ke6 38. Kd3 h5 39. c4 dxc4+ 40. Nxc4 Nd7
41. Ne3 g6 42. Kc4 Kd6 43. Nd5 Nf8 44. Nc3 g4 45. Ne4+ Ke6 46. fxg4 hxg4 47. Nf2
Kf5 48. Kd5 g5 49. Nd1 1-0

[Event "42nd Olympiad 2016"]
[Site "Baku AZE"]
[Date "2016.09.08"]
[Round "6.78"]
[Board "1"]
[White "Mohamed, Hassan MDV"]
[Black "Fancy, Stuart"]
[Result "1-0"]
[WhiteTitle "CM"]
[BlackTitle "FM"]
[WhiteElo "1855"]
[BlackElo "1995"]
[WhiteTeam "Maldives"]
[BlackTeam "Papua New Guinea"]
[WhiteFideId "16700058"]
[BlackFideId "9100024"]
[EventDate "2016.09.02"]

1. e4 c5 2. Nf3 e6 3. Nc3 Nc6 4. a3 Nf6 5. g3 d5 6. exd5 exd5 7. Qe2+ Be7 8. Bg2
Bg4 9. Qb5 Qd7 10. O-O O-O 11. d3 a6 12. Qb6 Rfc8 13. Ne2 d4 14. Nf4 Bd6 15. Bd2
Ne7 16. Qb3 b5 17. Qa2 Rab8 18. Rfe1 Nc6 19. Ng5 Ne5 20. h3 Bf5 21. Nd5 Nxd5 22.
Qxd5 h6 23. Ne4 Bxe4 24. Rxe4 Ng6 25. Rae1 Qc7 26. Rg4 Ne5 27. Rge4 Nd7 28. Re7
Rf8 29. Bf4 Rb6 30. Rxf7 Rxf7 31. Re7 Bxe7 32. Bxc7 Rf6 33. Qxd7 Rxf2 34. Bf4 1-0

[Event "42nd Olympiad 2016"]
[Site "Baku AZE"]
[Date "2016.09.08"]
[Round "6.78"]
[Board "2"]
[White "Jones, Rupert"]
[Black "Ahmed, Ashraf"]
[Result "0-1"]
[WhiteTitle "FM"]
[BlackTitle "FM"]
[WhiteElo "1851"]
[BlackElo "1880"]
[WhiteTeam "Papua New Guinea"]
[BlackTeam "Maldives"]
[WhiteFideId "9100121"]
[BlackFideId "16700031"]
[EventDate "2016.09.02"]

1. e4 c5 2. Nc3 Nc6 3. g3 Nf6 4. Bg2 e6 5. d3 Be7 6. Nge2 a6 7. O-O O-O 8. f4 d5
9. e5 Nd7 10. a4 b6 11. b3 Bb7 12. Ba3 f6 13. d4 cxd4 14. Bxe7 Qxe7 15. Nxd4 Qc5
16. Ne2 fxe5 17. fxe5 Ndxe5 18. h3 Rxf1+ 19. Bxf1 Nf3+ 0-1

[Event "42nd Olympiad 2016"]
[Site "Baku AZE"]
[Date "2016.09.09"]
[Round "7.1"]
[Board "1"]
[White "Harikrishna, Pentala"]
[Black "Caruana, Fabiano"]
[Result "1/2-1/2"]
[WhiteTitle "GM"]
[BlackTitle "GM"]
[WhiteElo "2752"]
[BlackElo "2808"]
[WhiteTeam "India"]
[BlackTeam "United States of America"]
[WhiteFideId "5007003"]
[BlackFideId "2020009"]
[EventDate "2016.09.02"]

1. e4 e5 2. Nf3 Nc6 3. Bb5 a6 4. Ba4 Nf6 5. O-O Nxe4 6. d4 b5 7. Bb3 d5 8. dxe5
Be6 9. Nbd2 Nc5 10. c3 Be7 11. Bc2 d4 12. Nb3 d3 13. Bb1 Nxb3 14. axb3 Bf5 15.
b4 O-O 16. Bf4 Qd7 17. h3 Rfd8 18. g4 Bg6 19. Bg3 Kh8 20. Re1 Qc8 21. Nd2 a5 22.
bxa5 Rxa5 23. Rxa5 Nxa5 24. f4 f5 25. exf6 Bxf6 26. Ba2 Nc4 27. Bxc4 bxc4 28. g5
Qxh3 29. Qf3 Bh5 30. Qf2 Be2 31. gxf6 gxf6 32. Qg2 Qe6 33. Kh2 Rg8 34. Ra1 Rg6
35. Qe4 Qxe4 36. Nxe4 Bf3 37. Nf2 d2 38. Ra7 Rh6+ 39. Bh4 d1=Q 40. Nxd1 Bxd1 41.
Kg3 Kg8 42. f5 Bc2 43. Rxc7 Bd3 44. Rc5 Rh5 45. Bxf6 Rxf5 46. Rxf5 1/2-1/2

[Event "42nd Olympiad 2016"]
[Site "Baku AZE"]
[Date "2016.09.09"]
[Round "7.1"]
[Board "4"]
[White "Shankland, Samuel L"]
[Black "Sethuraman, S.P."]
[Result "1-0"]
[WhiteTitle "GM"]
[BlackTitle "GM"]
[WhiteElo "2679"]
[BlackElo "2640"]
[WhiteTeam "United States of America"]
[BlackTeam "India"]
[WhiteFideId "2004887"]
[BlackFideId "5021596"]
[EventDate "2016.09.02"]

1. d4 d5 2. c4 c6 3. Nf3 Nf6 4. e3 Bg4 5. cxd5 cxd5 6. Nc3 e6 7. Qa4+ Nbd7 8.
Ne5 a6 9. f3 Bf5 10. g4 Bg6 11. h4 b5 12. Qd1 b4 13. h5 Bxh5 14. Nxd7 Nxd7 15.
Rxh5 bxc3 16. bxc3 Qc7 17. Bd2 Bd6 18. Bd3 Nb6 19. Ke2 h6 20. g5 Kd7 21. gxh6
gxh6 22. Rb1 Rag8 23. Bxa6 Rg2+ 24. Kd3 Ra8 25. Bb5+ Kd8 26. Rxh6 Rxa2 27. Rh8+
Ke7 28. Re8+ Kf6 29. Be1 Kg7 30. f4 f5 31. Qb3 Qf7 32. Qd1 Nc4 33. Rd8 Be7 34.
Rd7 Rab2 35. Bxc4 dxc4+ 36. Kxc4 Qe8 37. Rxb2 Rxb2 38. Qa1 Rb8 39. Qa7 Kf8 40.
Kd3 Ra8 41. Qb7 Rb8 42. Qh1 Qxd7 43. Qh8+ Kf7 44. Qxb8 Qc6 45. Qb2 Qe4+ 46. Kd2
Qg2+ 47. Kc1 Qf1 48. Kd1 Qd3+ 49. Qd2 Qc4 50. Qe2 Qa4+ 51. Qc2 Qc4 52. Kd2 Qf1
53. Qd3 Qh1 54. Qe2 Qe4 55. Qh2 Qb7 56. Ke2 Qb2+ 57. Bd2 Qb5+ 58. Kf2 Kg6 59.
Qg2+ Kf7 60. Qf3 Bh4+ 61. Kg2 Qd3 62. Qh5+ Kf8 63. Qd1 Kg7 64. Qg1 Qxd2+ 65.
Kh3+ Kf8 66. Kxh4 Qxc3 67. Kh5 Qc6 68. Kh6 Qf3 69. Qg7+ Ke8 70. Qe5 Kd7 71. Kg7
Qg4+ 72. Kf8 Qh4 73. Qg7+ Kd6 74. Ke8 Qh5+ 75. Qf7 1-0

[Event "42nd Olympiad 2016"]
[Site "Baku AZE"]
[Date "2016.09.09"]
[Round "7.2"]
[Board "1"]
[White "Shirov, Alexei"]
[Black "Giri, Anish"]
[Result "1/2-1/2"]
[WhiteTitle "GM"]
[BlackTitle "GM"]
[WhiteElo "2673"]
[BlackElo "2755"]
[WhiteTeam "Latvia"]
[BlackTeam "Netherlands"]
[WhiteFideId "2209390"]
[BlackFideId "24116068"]
[EventDate "2016.09.02"]

1. e4 c5 2. Nf3 d6 3. d4 cxd4 4. Nxd4 Nf6 5. Nc3 a6 6. Be3 Ng4 7. Bg5 h6 8. Bh4
g5 9. Bg3 Bg7 10. Be2 h5 11. Bxg4 hxg4 12. Nd5 Nc6 13. Nf5 Bxf5 14. exf5 Bxb2
15. Rb1 Qa5+ 16. Qd2 Bf6 17. Rxb7 O-O 18. Nxe7+ Kg7 19. Nxc6 Rfe8+ 20. Kd1 Qxa2
21. Nb4 Qa1+ 22. Qc1 Qd4+ 23. Qd2 Qa1+ 24. Qc1 Qd4+ 25. Qd2 1/2-1/2

[Event "42nd Olympiad 2016"]
[Site "Baku AZE"]
[Date "2016.09.09"]
[Round "7.2"]
[Board "2"]
[White "Van Wely, Loek"]
[Black "Kovalenko, Igor"]
[Result "0-1"]
[WhiteTitle "GM"]
[BlackTitle "GM"]
[WhiteElo "2674"]
[BlackElo "2651"]
[WhiteTeam "Netherlands"]
[BlackTeam "Latvia"]
[WhiteFideId "1000268"]
[BlackFideId "14117908"]
[EventDate "2016.09.02"]

1. d4 e6 2. Nf3 Nf6 3. c4 b6 4. g3 Ba6 5. b3 d5 6. cxd5 exd5 7. Bg2 Bb4+ 8. Bd2
Bxd2+ 9. Qxd2 Ne4 10. Qb2 O-O 11. O-O Re8 12. Re1 c5 13. dxc5 Nc6 14. Nbd2 bxc5
15. Rac1 Qa5 16. Nxe4 dxe4 17. Ng5 f5 18. a3 h6 19. b4 Qb6 20. Qa2+ c4 21. Rxc4
Bxc4 22. Qxc4+ Kh8 23. Nf7+ Kh7 24. g4 Ne5 25. Nxe5 Rxe5 26. gxf5 Rae8 27. Bh3
Qf6 28. Rd1 Qh4 29. Kg2 Qh5 30. Rd7 R5e7 31. Rd1 Rf8 32. a4 Rff7 33. a5 Qg5+ 34.
Kh1 Qf4 35. Kg2 Rc7 36. Qe6 Rf6 37. Qe8 Rc2 38. Kf1 Rd6 39. Re1 Rc1 40. f3 Rxe1+
41. Kxe1 Qh4+ 42. Kf1 Qxh3+ 0-1

[Event "42nd Olympiad 2016"]
[Site "Baku AZE"]
[Date "2016.09.09"]
[Round "7.2"]
[Board "3"]
[White "Neiksans, Arturs"]
[Black "Van Kampen, Robin"]
[Result "1/2-1/2"]
[WhiteTitle "GM"]
[BlackTitle "GM"]
[WhiteElo "2628"]
[BlackElo "2640"]
[WhiteTeam "Latvia"]
[BlackTeam "Netherlands"]
[WhiteFideId "11601388"]
[BlackFideId "1020854"]
[EventDate "2016.09.02"]

1. e4 c5 2. Nf3 d6 3. d4 cxd4 4. Nxd4 Nf6 5. Nc3 a6 6. Nb3 Nbd7 7. Be3 b5 8. a4
b4 9. Nd5 e6 10. Nxf6+ Nxf6 11. f3 Be7 12. Qd2 Rb8 13. Bd3 O-O 14. O-O Qc7 15.
a5 Qb7 16. Qe2 Re8 17. Kh1 h6 18. Bg1 Nd7 19. f4 Bf6 20. Rab1 Qa8 21. Nd2 Qc6
22. Nc4 Bb7 23. Nb6 Nxb6 24. Bxb6 Bd8 25. Bxd8 Rbxd8 26. c3 bxc3 27. bxc3 Re7
28. Rb6 Qxc3 29. Bxa6 Ba8 30. Qd3 Rc7 31. Qxc3 Rxc3 32. Bb7 Bxb7 33. Rxb7 Ra8
34. Rb6 Rxa5 35. Rxd6 Rc4 36. Rd8+ Kh7 37. Rd7 f6 38. h3 Rxe4 39. Rf3 Ra1+ 40.
Kh2 Ree1 41. Rc3 Ra8 42. Re7 h5 43. Rcc7 Rg8 44. Kg3 Kg6 1/2-1/2

[Event "42nd Olympiad 2016"]
[Site "Baku AZE"]
[Date "2016.09.09"]
[Round "7.2"]
[Board "4"]
[White "Bok, Benjamin"]
[Black "Meskovs, Nikita"]
[Result "0-1"]
[WhiteTitle "GM"]
[BlackTitle "IM"]
[WhiteElo "2592"]
[BlackElo "2476"]
[WhiteTeam "Netherlands"]
[BlackTeam "Latvia"]
[WhiteFideId "1017063"]
[BlackFideId "11602740"]
[EventDate "2016.09.02"]

1. e4 c5 2. Nf3 e6 3. d4 cxd4 4. Nxd4 Nc6 5. Nc3 Qc7 6. Be3 a6 7. Qf3 Bd6 8.
O-O-O Be5 9. g3 Nge7 10. Qe2 O-O 11. f4 Bxd4 12. Bxd4 Nxd4 13. Rxd4 e5 14. fxe5
Nc6 15. Rd2 Nxe5 16. Qe3 b5 17. Nd5 Qd8 18. Qc3 d6 19. Be2 Bb7 20. Rhd1 Rc8 21.
Qa3 Nc4 22. Bxc4 Rxc4 23. e5 Bxd5 24. Rxd5 Qg5+ 25. Kb1 dxe5 26. Qxa6 Qf5 27.
R5d2 e4 28. Qb6 Rc5 29. Re2 Rd5 30. Rde1 Rfd8 31. Kc1 Qg5+ 32. Qe3 Qxe3+ 33.
Rxe3 f5 34. Rf1 h5 35. h4 Kh7 36. Ree1 g5 37. hxg5 Kg6 38. b3 b4 39. Rf4 Rd2 40.
Ref1 R8d5 41. Rh1 Rg2 42. Rfh4 Rdd2 43. Rxh5 Rxc2+ 44. Kb1 Rb2+ 45. Kc1 Rgc2+
46. Kd1 e3 0-1

[Event "42nd Olympiad 2016"]
[Site "Baku AZE"]
[Date "2016.09.09"]
[Round "7.3"]
[Board "1"]
[White "Karjakin, Sergey"]
[Black "Navara, David"]
[Result "1-0"]
[WhiteTitle "GM"]
[BlackTitle "GM"]
[WhiteElo "2769"]
[BlackElo "2742"]
[WhiteTeam "Russia"]
[BlackTeam "Czech Republic"]
[WhiteFideId "14109603"]
[BlackFideId "309095"]
[EventDate "2016.09.02"]

1. e4 e5 2. Nf3 Nc6 3. Bc4 Bc5 4. O-O Nf6 5. d3 d6 6. c3 a6 7. a4 h6 8. Nbd2 O-O
9. h3 Re8 10. Re1 Be6 11. Bxe6 Rxe6 12. b4 Ba7 13. Qc2 d5 14. Nb3 b5 15. Be3
Bxe3 16. Rxe3 Rd6 17. Nc5 Qc8 18. Ree1 Nh5 19. exd5 Rxd5 20. Qa2 Nf4 21. axb5
Rd6 22. bxc6 Rg6 23. Nd7 Nxg2 24. Nfxe5 1-0

[Event "42nd Olympiad 2016"]
[Site "Baku AZE"]
[Date "2016.09.09"]
[Round "7.3"]
[Board "2"]
[White "Laznicka, Viktor"]
[Black "Tomashevsky, Evgeny"]
[Result "0-1"]
[WhiteTitle "GM"]
[BlackTitle "GM"]
[WhiteElo "2651"]
[BlackElo "2731"]
[WhiteTeam "Czech Republic"]
[BlackTeam "Russia"]
[WhiteFideId "316385"]
[BlackFideId "4147235"]
[EventDate "2016.09.02"]

1. d4 Nf6 2. c4 e6 3. Nc3 Bb4 4. Qc2 O-O 5. a3 Bxc3+ 6. Qxc3 d6 7. f3 d5 8. cxd5
exd5 9. e3 a5 10. Bd2 b6 11. Rc1 c6 12. Bd3 Ba6 13. Ne2 Bxd3 14. Qxd3 Qd7 15.
O-O Na6 16. Be1 c5 17. Bh4 c4 18. Qd2 Ne8 19. e4 Nac7 20. a4 Nd6 21. Nc3 b5 22.
axb5 Ndxb5 23. exd5 Nxd5 24. Ne4 Qc6 25. Nc5 Nb6 26. Rfe1 Rfe8 27. Re4 a4 28.
Rce1 Nd6 29. Re5 h6 30. Be7 Nbc8 31. Qf4 Nxe7 32. Rxe7 Rxe7 33. Rxe7 c3 34. bxc3
a3 35. Re1 a2 36. Ra1 Qb5 37. Qc1 Qe2 38. Nb3 Nc4 39. Qe1 Qb2 0-1

[Event "42nd Olympiad 2016"]
[Site "Baku AZE"]
[Date "2016.09.09"]
[Round "7.4"]
[Board "3"]
[White "Kozul, Zdenko"]
[Black "Mamedov, Rauf"]
[Result "0-1"]
[WhiteTitle "GM"]
[BlackTitle "GM"]
[WhiteElo "2622"]
[BlackElo "2666"]
[WhiteTeam "Croatia"]
[BlackTeam "Azerbaijan 1"]
[WhiteFideId "14502879"]
[BlackFideId "13401653"]
[EventDate "2016.09.02"]

1. d4 d5 2. c4 c6 3. Nc3 Nf6 4. Nf3 dxc4 5. a4 Bf5 6. e3 e6 7. Bxc4 Bb4 8. O-O
O-O 9. Qe2 Nbd7 10. e4 Bg6 11. Bd3 Bh5 12. e5 Nd5 13. Nxd5 cxd5 14. Qe3 Be7 15.
a5 Nb8 16. Bd2 Nc6 17. Bc3 a6 18. Nd2 Bg6 19. Bxg6 fxg6 20. Qh3 Qd7 21. Nb3 Na7
22. f4 Nb5 23. Rf3 Rf7 24. Raf1 Raf8 25. Nc1 Qc6 26. Ne2 b6 27. axb6 Qxb6 28.
Ra1 g5 29. Ba5 Qc6 30. Rc1 Qd7 31. Bb6 gxf4 32. Bc5 Bxc5 33. Rxc5 Rf5 34. Rf1
Qe7 35. b4 h5 36. Qf3 Qf7 37. Rc6 Qa7 38. Rc5 Qf7 39. h3 Qe7 40. Kh2 Qb7 41.
Rfc1 Rg5 42. Qd3 Qf7 43. Rc8 Rf5 44. Qf3 Kh7 45. Rxf8 Qxf8 46. Rc6 Qxb4 47. Rxe6
Qc4 48. Qf2 Qc2 49. Qf3 Qc4 50. Qf2 Qd3 51. Re7 Qe4 52. Rb7 Rf8 53. Qf3 Qxf3 54.
gxf3 Rc8 55. Nxf4 Nxd4 56. e6 Rc2+ 57. Kg1 Ne2+ 58. Nxe2 Rxe2 59. Rb6 a5 60. Ra6
a4 61. Kf1 Re5 62. Kf2 Kg6 63. Rxa4 Rxe6 64. Rd4 Rd6 65. Ke3 Kf5 66. Rf4+ Ke5
67. Rf7 d4+ 68. Ke2 g5 69. Rh7 h4 70. Re7+ Kd5 71. Rf7 Re6+ 72. Kd2 Ra6 0-1

[Event "42nd Olympiad 2016"]
[Site "Baku AZE"]
[Date "2016.09.09"]
[Round "7.4"]
[Board "4"]
[White "Safarli, Eltaj"]
[Black "Brkic, Ante"]
[Result "1-0"]
[WhiteTitle "GM"]
[BlackTitle "GM"]
[WhiteElo "2688"]
[BlackElo "2584"]
[WhiteTeam "Azerbaijan 1"]
[BlackTeam "Croatia"]
[WhiteFideId "13402129"]
[BlackFideId "14506688"]
[EventDate "2016.09.02"]

1. e4 c5 2. Nf3 d6 3. d4 cxd4 4. Nxd4 Nf6 5. Nc3 a6 6. g3 e5 7. Nf3 Qc7 8. Bg2
b5 9. O-O Be7 10. Nh4 b4 11. Ne2 O-O 12. a3 Bb7 13. Nf5 Nxe4 14. axb4 d5 15. Nc3
Nxc3 16. bxc3 Bf6 17. Ra5 Qxc3 18. Bxd5 Qxb4 19. Bd2 Qb6 20. Be3 Qc7 21. Qg4
Bxd5 22. Rxd5 Kh8 23. Rd6 Rg8 24. Rfd1 a5 25. Bb6 Qb7 26. Rxf6 Nc6 27. Qh4 1-0

[Event "42nd Olympiad 2016"]
[Site "Baku AZE"]
[Date "2016.09.09"]
[Round "7.5"]
[Board "1"]
[White "Jobava, Baadur"]
[Black "Lupulescu, Constantin"]
[Result "1-0"]
[WhiteTitle "GM"]
[BlackTitle "GM"]
[WhiteElo "2665"]
[BlackElo "2618"]
[WhiteTeam "Georgia"]
[BlackTeam "Romania"]
[WhiteFideId "13601520"]
[BlackFideId "1207822"]
[EventDate "2016.09.02"]

1. d4 d5 2. Nc3 c5 3. dxc5 Nf6 4. e4 d4 5. Bc4 Nc6 6. Nd5 Nxe4 7. Bf4 e5 8. Qe2
Bf5 9. f3 exf4 10. fxe4 Be6 11. O-O-O Bxc5 12. Nxf4 Qg5 13. g3 Bxc4 14. Qxc4 Bd6
15. Kb1 Bxf4 16. Nh3 Qg4 17. Nxf4 O-O 18. Qb5 Rab8 19. Rde1 Rfe8 20. a3 Re5 21.
Qb3 Na5 22. Qd3 Nc6 23. Re2 Rbe8 24. Rhe1 Qd7 25. Nd5 Qg4 26. Ka2 h6 27. Kb1 Kh8
28. Nc7 R8e7 29. Nd5 Re8 30. Nf4 Qd7 31. Qd2 Qg4 32. Qd3 Qd7 33. h3 Rc5 34. Nd5
Qxh3 35. Qd2 Qg4 36. Rh2 Kg8 37. b4 Rc4 38. Rxh6 Ne5 39. Reh1 Ng6 40. Rh7 Qxe4
41. Rxg7+ Kf8 42. Rg8+ Kxg8 43. Nf6+ Kg7 44. Nxe4 Rxe4 45. Qd3 1-0

[Event "42nd Olympiad 2016"]
[Site "Baku AZE"]
[Date "2016.09.09"]
[Round "7.5"]
[Board "2"]
[White "Parligras, Mircea-Emilian"]
[Black "Mchedlishvili, Mikheil"]
[Result "1/2-1/2"]
[WhiteTitle "GM"]
[BlackTitle "GM"]
[WhiteElo "2595"]
[BlackElo "2609"]
[WhiteTeam "Romania"]
[BlackTeam "Georgia"]
[WhiteFideId "1204297"]
[BlackFideId "13600966"]
[EventDate "2016.09.02"]

1. d4 Nf6 2. c4 g6 3. Nc3 d5 4. cxd5 Nxd5 5. e4 Nxc3 6. bxc3 Bg7 7. Be3 c5 8.
Nf3 Qa5 9. Nd2 Nd7 10. Rc1 O-O 11. Bc4 b5 12. Be2 c4 13. a4 a6 14. O-O Nb6 15.
axb5 axb5 16. Qc2 Bd7 17. Nf3 Rfc8 18. Ne5 Be8 19. f4 Qa2 20. Qd1 Qb3 21. Qe1
Ra2 22. Bd1 Qb2 23. Rf2 Qa3 24. Rxa2 Qxa2 25. Bg4 Ra8 26. d5 Na4 27. Ra1 Qb2 28.
Bd4 h5 29. Bh3 Rd8 30. Kf1 Bh6 31. g3 g5 32. fxg5 Bxg5 33. Nf3 Bh6 34. Qb1 Qxb1+
35. Rxb1 Bg7 36. Ne5 Rd6 37. Nxc4 bxc4 38. Rb8 Kf8 39. Bxg7+ Kxg7 40. Rxe8 Nxc3
41. Rxe7 Kf8 42. Re5 h4 43. gxh4 f6 44. Rf5 Nxe4 45. Bg2 Nc3 46. Kf2 Nb5 47. Rf4
c3 48. Ke3 Ra6 49. Bf1 Ra1 50. Bd3 Re1+ 51. Kf2 Rd1 52. Ke2 c2 53. Rxf6+ Kg7 54.
Rg6+ Kf7 55. Bxc2 Rxd5 56. Ke3 Nd4 57. Rg2 Nxc2+ 58. Rxc2 1/2-1/2

[Event "42nd Olympiad 2016"]
[Site "Baku AZE"]
[Date "2016.09.09"]
[Round "7.5"]
[Board "3"]
[White "Pantsulaia, Levan"]
[Black "Deac, Bogdan-Daniel"]
[Result "1-0"]
[WhiteTitle "GM"]
[BlackTitle "IM"]
[WhiteElo "2601"]
[BlackElo "2524"]
[WhiteTeam "Georgia"]
[BlackTeam "Romania"]
[WhiteFideId "13602071"]
[BlackFideId "1226380"]
[EventDate "2016.09.02"]

1. Nf3 Nf6 2. g3 g6 3. b3 d6 4. d4 c5 5. Bg2 cxd4 6. Nxd4 Bg7 7. Bb2 d5 8. O-O
O-O 9. c4 dxc4 10. bxc4 Qb6 11. Qb3 Nfd7 12. e3 Nc6 13. Nc3 Nxd4 14. exd4 Qxb3
15. axb3 Bxd4 16. Rfb1 e6 17. Ne4 Bxb2 18. Rxb2 a6 19. Rd1 Ne5 20. f4 Nc6 21.
Nc5 e5 22. Bxc6 bxc6 23. fxe5 Re8 24. Re1 a5 25. Ra2 Bf5 26. Kf2 h5 27. h4 Kg7
28. Kf3 Rad8 29. Rxa5 Rd2 30. Ra7 Bg4+ 31. Ke4 Rf2 32. Re3 Kh6 33. Kd4 Rd8+ 34.
Kc3 Rf1 35. Ne4 Bf5 36. Rxf7 Rc1+ 37. Kb2 1-0

[Event "42nd Olympiad 2016"]
[Site "Baku AZE"]
[Date "2016.09.09"]
[Round "7.5"]
[Board "4"]
[White "Jianu, Vlad-Cristian"]
[Black "Gelashvili, Tamaz"]
[Result "1/2-1/2"]
[WhiteTitle "GM"]
[BlackTitle "GM"]
[WhiteElo "2554"]
[BlackElo "2575"]
[WhiteTeam "Romania"]
[BlackTeam "Georgia"]
[WhiteFideId "1208110"]
[BlackFideId "13600702"]
[EventDate "2016.09.02"]

1. d4 Nf6 2. c4 e6 3. Nc3 Bb4 4. Nf3 Nc6 5. Qc2 d6 6. a3 Bxc3+ 7. Qxc3 O-O 8. b4
Qe7 9. Bb2 Re8 10. g3 e5 11. dxe5 dxe5 12. Bg2 Nd4 13. Nxd4 exd4 14. Qd2 Bg4 15.
f3 d3 16. Qxd3 Rad8 17. Qc2 Qe3 18. Bc1 Qd4 19. Bb2 Qe3 20. Bc1 Qd4 21. Bb2 Qe3 1/2-1/2

[Event "42nd Olympiad 2016"]
[Site "Baku AZE"]
[Date "2016.09.09"]
[Round "7.6"]
[Board "4"]
[White "Li, Chao b"]
[Black "Short, Nigel D"]
[Result "0-1"]
[WhiteTitle "GM"]
[BlackTitle "GM"]
[WhiteElo "2746"]
[BlackElo "2666"]
[WhiteTeam "China"]
[BlackTeam "England"]
[WhiteFideId "8604436"]
[BlackFideId "400025"]
[EventDate "2016.09.02"]

1. d4 Nf6 2. c4 e6 3. Nc3 Bb4 4. Nf3 b6 5. e3 Bb7 6. Bd3 O-O 7. Bd2 d5 8. cxd5
exd5 9. O-O Nbd7 10. Rc1 a6 11. Ne5 Re8 12. f4 Nf8 13. Be1 c5 14. Bh4 c4 15. Bc2
b5 16. g4 Qb6 17. g5 Ne4 18. Nxe4 dxe4 19. Qe2 Bd5 20. Qg2 Qb7 21. f5 Nd7 22.
Ng4 Kh8 23. Bg3 Rac8 24. Qh3 f6 25. g6 Nf8 26. Rf2 Rc6 27. Rcf1 a5 28. Rg2 a4
29. Rf4 c3 30. bxc3 Bxc3 31. Bh4 Qb6 32. gxh7 Re7 33. Ne5 fxe5 34. Bxe7 exf4 35.
Bxf8 Bxd4 36. Qg4 Rc7 37. Qh5 f3 38. Rg4 Be5 39. Bc5 Qh6 40. Qe8+ Kxh7 41. Qxe5
Rxc5 42. Qe7 f2+ 43. Kg2 Bc4 44. Kxf2 Qxh2+ 0-1

[Event "42nd Olympiad 2016"]
[Site "Baku AZE"]
[Date "2016.09.09"]
[Round "7.7"]
[Board "1"]
[White "Eljanov, Pavel"]
[Black "Bareev, Evgeny"]
[Result "0-1"]
[WhiteTitle "GM"]
[BlackTitle "GM"]
[WhiteElo "2739"]
[BlackElo "2675"]
[WhiteTeam "Ukraine"]
[BlackTeam "Canada"]
[WhiteFideId "14102951"]
[BlackFideId "4100140"]
[EventDate "2016.09.02"]

1. d4 d5 2. c4 c6 3. Nf3 Nf6 4. e3 Bg4 5. Nc3 e6 6. h3 Bxf3 7. Qxf3 Nbd7 8. Bd3
Bb4 9. O-O O-O 10. a3 Ba5 11. Rd1 e5 12. cxd5 Bxc3 13. dxc6 e4 14. Bxe4 Nxe4 15.
cxd7 Ng5 16. Qxb7 Ba5 17. Bd2 Bxd2 18. Rxd2 Qb6 19. Qxb6 axb6 20. Rc2 Ne4 21.
Rac1 Nf6 22. Rc7 Rab8 23. a4 Rfd8 24. b4 Kf8 25. a5 Ke7 26. a6 Nd5 27. Rc8 Kxd7
28. Rxb8 Rxb8 29. b5 Rc8 30. Rb1 Rc4 31. Rb3 Nc7 32. Ra3 Rb4 33. a7 Na8 34. d5
Rb1+ 35. Kh2 Rxb5 36. e4 Ra5 37. Rf3 Ke8 38. Rc3 Kd8 39. d6 Rxa7 40. e5 b5 41.
f4 b4 42. Rc5 Rb7 43. Ra5 Nc7 44. dxc7+ Kxc7 45. Kg3 b3 46. Ra1 Kc6 47. f5 b2
48. Rb1 Kd5 49. f6 gxf6 50. exf6 Ke4 51. Kh4 Rb5 0-1

[Event "42nd Olympiad 2016"]
[Site "Baku AZE"]
[Date "2016.09.09"]
[Round "7.7"]
[Board "2"]
[White "Kovalyov, Anton"]
[Black "Kryvoruchko, Yuriy"]
[Result "1/2-1/2"]
[WhiteTitle "GM"]
[BlackTitle "GM"]
[WhiteElo "2617"]
[BlackElo "2693"]
[WhiteTeam "Canada"]
[BlackTeam "Ukraine"]
[WhiteFideId "114987"]
[BlackFideId "14109182"]
[EventDate "2016.09.02"]

1. c4 Nf6 2. Nc3 e5 3. g3 d5 4. cxd5 Nxd5 5. Bg2 Nb6 6. e3 Nc6 7. Nge2 Bd6 8. d4
exd4 9. exd4 O-O 10. O-O Bg4 11. h3 Bh5 12. d5 Ne7 13. Qb3 Bxe2 14. Nxe2 Re8 15.
Nc3 Be5 16. a4 a5 17. Rd1 Nf5 18. Nb5 Nd6 19. Nxd6 cxd6 20. Be3 Nd7 21. Rac1 b6
22. Rc6 Nc5 23. Qc2 Rb8 24. b3 Qf6 25. h4 h6 26. f4 Bc3 27. Bf2 Rb7 28. Bf3 Rbe7
29. Rxb6 Ne4 30. Bxe4 Rxe4 31. Rb8 Rxb8 32. Qxe4 Rxb3 33. h5 Rb4 34. Qc2 Rb2 35.
Qe4 Rb4 36. Qc2 Rb2 37. Qe4 1/2-1/2

[Event "42nd Olympiad 2016"]
[Site "Baku AZE"]
[Date "2016.09.09"]
[Round "7.7"]
[Board "4"]
[White "Hansen, Eric"]
[Black "Volokitin, Andrei"]
[Result "0-1"]
[WhiteTitle "GM"]
[BlackTitle "GM"]
[WhiteElo "2582"]
[BlackElo "2647"]
[WhiteTeam "Canada"]
[BlackTeam "Ukraine"]
[WhiteFideId "2606771"]
[BlackFideId "14107090"]
[EventDate "2016.09.02"]

1. e4 c5 2. Nf3 d6 3. Bb5+ Nd7 4. c3 Nf6 5. Qe2 a6 6. Ba4 b5 7. Bc2 Bb7 8. O-O
g6 9. d4 Bg7 10. Rd1 O-O 11. Nbd2 Rc8 12. d5 c4 13. Nf1 Nc5 14. Ng3 e6 15. dxe6
Nxe6 16. a4 Re8 17. axb5 axb5 18. Ng5 Ra8 19. Rxa8 Bxa8 20. f3 d5 21. e5 Nxg5
22. Bxg5 Qc7 23. f4 Nd7 24. Qf2 Nc5 25. Ne2 Rb8 26. Nd4 b4 27. Qh4 bxc3 28. bxc3
Ne6 29. Bf6 Bxf6 30. Qxf6 Nxd4 31. Rxd4 Rb6 32. Qg5 Rb2 33. Bd1 Bc6 34. h4 Qa5
35. h5 Bd7 36. Rxd5 h6 37. Rxa5 hxg5 38. Bf3 g4 39. Bd5 g3 40. Kf1 Bg4 41. Bf3
Rf2+ 42. Kg1 Rc2 43. Ra8+ Kg7 44. Ra1 gxh5 45. Bxg4 hxg4 46. f5 Re2 47. e6 fxe6
48. fxe6 Kf6 49. Kf1 Rf2+ 50. Kg1 Kxe6 51. Re1+ Kf5 52. Rf1 Ke4 0-1